00786nam a2200241Ia 4500003000900000008004100009020001800050040001600068080001500084100002200099245006300121260003400184300001600218490002400234650002800258650002500286650001600311650002300327650002200350942000700372999001700379952014800396IN-BaIIA211028s9999 xx 000 0 eng d a0-8247-8729-3 cIIA Library a535.5bCOL aCollett, E926724 0aPolarized lightbfundamentals and applicationscE. Collett aNew YorkbMarcel Dekkerc1992 axvii, 581p. aOptical enginnering aClassical optics926725 aCrystal optics96387 aLight92428 aPolarization95652 aReflection920643 cBK c14835d14835 00104070aBANbBANcGENd2002-11-20eEDS g10845.00l1o535.5/ COLp15757r2023-05-22s2023-05-16v10845.00w2002-11-20yBKGRs. 10845.00